Bolsheviks Map Quiz - Statistics

General Stats
  • This quiz has been taken 100 times
  • The average score is 4 of 10
Answers on the Map
Answers color-coded by a green-red scale on the quiz's map according to % correct below.
 
Answer Stats
Answer % Correct
Vladimir Lenin
84%
Lev Kamenev
59%
Nikolai Bukharin
43%
Alexei Rykov
39%
Mikhail Kalinin
37%
Mikhail Tomsky
37%
Mikhail Lashevich
27%
Avel Yenukidze
21%
Yevgeni Preobrazhensky
20%
Leonid Serebryakov
19%
No matching quizzes found
Score Distribution
Percent of People with Each Score
Percentile by Number Answered
Your Score History
You have not taken this quiz